| 000 | 00417nam a22001817a 4500 | ||
|---|---|---|---|
| 003 | OSt | ||
| 008 | 250423b |||||||| |||| 00| 0 eng d | ||
| 020 | _a9789354641176 | ||
| 082 | _a658 MEP | ||
| 100 | _aMEREDITH,Jack R | ||
| 245 | _aProject Management | ||
| 250 | _a11th ed | ||
| 260 |
_aNew Delhi _bWiley _c2024 |
||
| 300 | _a526 | ||
| 700 | _aSHAFER,Scott M | ||
| 700 | _aANBANANDAM,Ramesh | ||
| 942 |
_2ddc _cBK |
||
| 999 |
_c13393 _d13393 |
||